000 00528nam a2200193Ia 4500
005 20250923144842.0
008 008 250917s9999 xx 000 0 eng d
037 _aTextual
040 _aDSWL
_beng
_cDSWL
041 _aeng
_2eng
084 _aX:952.4.N5, J61
_qDSWL
245 0 _aProblems of wage policy in Asian country
_cby I.L.O.
260 _aGeneva
_bI.L.O.
_c1956
300 _avi,141p.
365 _aINR
_b1.25
925 _g1.25
942 _cTEXL
_hX:952.4.N5, J61
999 _c1444160
_d1444160